000 00377nam a22001577a 4500
003 OSt
005 20211005151931.0
008 211005b |||||||| |||| 00| 0 eng d
010 _a0199264120
040 _aHU
_cDDC
082 _a340.1/COL
245 _aThe practice of principle
260 _bOxford university press
_c2001
300 _axiii,226p,20cm
942 _2ddc
_cBOOKS
_n0
999 _c9618
_d9618